00189nam a2200073Ia 4500008004100000100001500041245003700056260002200093190216s9999||||xx |||||||||||||| ||und|| aPeter Gray 0aSookshma Darshana Prayoga Sahayi bKerala Basha Inst